All 10k+ Cities in Peru - Statistics

General Stats
  • This quiz has been taken 122 times
  • The average score is 39 of 176
Answers on the Map
Answers color-coded by a green-red scale on the quiz's map according to % correct below.
 
Answer Stats
Region Population Answer % Correct
Lima 11,166,200 Lima
95%
Cusco 492,400 Cusco
84%
La Libertad 1,025,100 Trujillo
77%
Arequipa 1,125,400 Arequipa
74%
Ica 325,700 Ica
70%
Loreto 430,700 Iquitos
70%
Callao 1,171,600 Callao
65%
Junín 450,900 Huancayo
60%
Piura 547,100 Piura
60%
Puno 136,800 Puno
60%
Tacna 334,000 Tacna
58%
Tumbes 110,600 Tumbes
58%
Ayacucho 240,100 Ayacucho
56%
Cajamarca 227,600 Cajamarca
56%
Lambayeque 663,200 Chiclayo
56%
Huánuco 221,300 Huánuco
56%
Puno 316,900 Juliaca
56%
Áncash 133,200 Huaraz
51%
Ucayali 396,400 Pucallpa
51%
San Martín 169,800 Tarapoto
51%
Amazonas 39,600 Chachapoyas
49%
Ica 50,800 Nazca
49%
Moquegua 81,600 Moquegua
47%
Áncash 395,100 Chimbote
44%
Huancavelica 56,500 Huancavelica
44%
Ica 89,700 Pisco
42%
Madre de Dios 100,300 Puerto Maldonado
40%
Áncash 20,600 Santa
40%
Apurímac 64,400 Andahuaylas
37%
Cusco 16,900 Urubamba
37%
Ica 219,700 Chincha Alta
35%
Lima 172,700 Huacho
35%
Lima 87,700 Huaral
35%
Cajamarca 82,600 Jaén
35%
San Martín 57,000 Moyobamba
35%
Piura 208,100 Sullana
35%
Loreto 80,800 Yurimaguas
35%
Apurímac 82,100 Abancay
33%
Lima 64,100 Barranca
33%
Piura 14,400 Máncora
33%
Tumbes 44,200 Zarumilla
33%
Amazonas 27,100 Bagua
30%
Cajamarca 23,900 Chota
30%
Moquegua 71,400 Ilo
30%
Piura 98,900 Paita
30%
Piura 99,600 Talara
30%
Junín 41,900 Tarma
30%
Cajamarca 21,300 Celendín
28%
Lima 38,800 Chancay
28%
Junín 33,300 Jauja
28%
Arequipa 26,600 Mollendo
28%
Loreto 22,100 Nauta
28%
Pasco 12,100 Oxapampa
28%
Amazonas 37,300 Bagua Grande
26%
Áncash 37,300 Casma
26%
Pasco 61,100 Cerro de Pasco
26%
Lambayeque 52,900 Ferreñafe
26%
Áncash 23,000 Huarmey
26%
Lambayeque 12,500 San José
26%
Piura 39,800 Sechura
26%
Cusco 52,000 Sicuani
26%
Huánuco 72,300 Tingo María
26%
Cajamarca 20,100 Cajabamba
23%
Junín 14,900 Concepción
23%
Cajamarca 20,800 Cutervo
23%
Ayacucho 35,600 Huanta
23%
Junín 26,200 La Merced
23%
La Libertad 11,500 Virú
23%
Arequipa 12,400 Camaná
21%
La Libertad 40,500 Chepén
21%
Cusco 25,300 Quillabamba
21%
Lambayeque 10,000 Reque
21%
Lima 73,700 San Vicente de Cañete
21%
Puno 11,500 Yunguyo
21%
Ucayali 16,700 Atalaya
19%
Puno 23,300 Ayaviri
19%
Arequipa 54,900 El Pedregal
19%
Puno 21,500 Ilave
19%
San Martín 30,700 Juanjuí
19%
Junín 20,700 La Oroya
19%
Lambayeque 26,400 Monsefú
19%
San Martín 28,700 Nueva Cajamarca
19%
La Libertad 13,700 Otuzco
19%
San Martín 23,500 Rioja
19%
Junín 29,300 Satipo
19%
San Martín 18,700 Tocache
19%
Puno 21,800 Azángaro
16%
Áncash 16,800 Caraz
16%
Piura 48,200 Catacaos
16%
Piura 44,600 Chulucanas
16%
La Libertad 51,300 Huamachuco
16%
Arequipa 10,700 La Joya
16%
Lima 29,300 Mala
16%
La Libertad 24,400 Moche
16%
Lambayeque 17,400 Olmos
16%
La Libertad 33,100 Pacasmayo
16%
Loreto 10,500 San Lorenzo
16%
La Libertad 15,200 San Pedro de Lloc
16%
Lambayeque 14,200 Santa Rosa
16%
Cusco 10,500 Santo Tomás
16%
Ucayali 21,100 Aguaytía
14%
Cusco 12,000 Anta
14%
Loreto 11,100 Caballococha
14%
La Libertad 14,700 Chao
14%
Loreto 20,900 Contamana
14%
Junín 19,700 Mazamari
14%
Lambayeque 19,100 Motupe
14%
Lambayeque 22,900 Pimentel
14%
Loreto 25,300 Requena
14%
Ica 19,100 San Juan de Marcona
14%
Junín 23,500 San Ramón
14%
Lima 16,400 Chilca
12%
Junín 14,500 Chupaca
12%
Ica 20,800 Guadalupe
12%
La Libertad 24,700 Guadalupe
12%
Piura 20,800 La Unión
12%
Huancavelica 10,500 Lircay
12%
Lambayeque 10,300 Mórrope
12%
Ayacucho 13,100 Puquio
12%
Ica 15,500 Santiago
12%
Lima 27,500 Supe
12%
Piura 28,600 Tambo Grande
12%
Cajamarca 16,400 Bambamarca
9%
Cusco 15,300 Calca
9%
Puno 12,000 Macusani
9%
Lima 18,600 Paramonga
9%
Lima 12,000 Pativilca
9%
Cusco 18,600 Pichari
9%
Piura 13,500 San Lucas
9%
Lambayeque 25,300 Tumán
9%
San Martín 13,800 Bellavista
7%
La Libertad 19,900 Casa Grande
7%
Lambayeque 12,500 Cayaltí
7%
Ayacucho 10,800 Coracora
7%
Lambayeque 11,900 Eten
7%
La Libertad 15,100 Huanchaco
7%
Piura 27,600 La Arena
7%
Piura 10,600 Las Lomas
7%
La Libertad 24,200 Paiján
7%
La Libertad 15,000 Salaverry
7%
Junín 26,700 San Martín de Pangoa
7%
Junín 24,000 Sicaya
7%
Lambayeque 10,600 Túcume
7%
Pasco 11,700 Villa Rica
7%
Cusco 33,300 Yauri
7%
Huánuco 18,200 Aucayacu
5%
Tumbes 10,400 Caleta Cruz
5%
La Libertad 13,700 Cartavio
5%
San Martín 12,000 Lamas
5%
Piura 10,200 Los Órganos
5%
Piura 13,100 Negritos
5%
Lambayeque 18,800 Pátapo
5%
Cajamarca 14,700 San Ignacio de la Frontera
5%
San Martín 14,800 Soritor
5%
Arequipa 13,700 Cerro Verde
2%
Arequipa 11,400 El Triunfo
2%
La Libertad 28,500 Laredo
2%
Lima 10,700 Medio Mundo
2%
La Libertad 10,300 Pacanguilla
2%
Lima 10,300 Pampa Libre
2%
Junín 46,000 Pichanaqui
2%
Lambayeque 10,900 Picsi
2%
Piura 14,400 Querecotillo
2%
Lima 10,700 Quilmaná
2%
Ica 29,800 San Clemente
2%
Lima 16,000 Santa Eulalia
2%
San Martín 19,300 Segunda Jerusalén
2%
La Libertad 18,500 Valle de Dios
2%
La Libertad 14,800 Victor Raúl
2%
La Libertad 23,500 Miramar
0%
La Libertad 11,400 Puente Virú
0%
Junín 18,800 San Agustín de Cajas
0%
Junín 13,400 San Jerónimo de Tunán
0%
Tumbes 20,100 San Pedro de los Incas
0%
Junín 13,800 Sapallanga
0%
Ica 27,300 Tupac Amaru
0%
No matching quizzes found
Score Distribution
Percent of People with Each Score
Percentile by Number Answered
Your Score History
You have not taken this quiz